Dictionary of travel, tourism, and hospitality /

Guardado en:
Detalles Bibliográficos
Autor principal: Medlik, S. 1928-
Formato: Libro
Lenguaje:English
Publicado: Oxford ; Boston : Butterworth-Heinemann, 1996.
Edición:2nd ed.
Materias:
Etiquetas: Agregar Etiqueta
Sin Etiquetas, Sea el primero en etiquetar este registro!
Thư viện lưu trữ: Mạng thư viện Đại học Đà Nẵng
LEADER 00857cam a2200337 i 4500
001 000045234
003 4404
005 20030409162412.0
008 010220|1996 vm 000 eng
020 |a 0750628642 
040 |a IRC  |c IRC  |d IRC 
041 0 |a eng 
082 1 4 |a 338.479103  |b ME-S 
100 1 |a Medlik, S.  |q (Slavoj),  |d 1928- 
245 0 0 |a Dictionary of travel, tourism, and hospitality /  |c S. Medlik. 
250 |a 2nd ed. 
260 |a Oxford ; Boston :  |b Butterworth-Heinemann,  |c 1996. 
300 |a x, 332p. 
630 0 4 |a Tourism. 
630 0 4 |a Dictionaries. 
650 0 4 |a Tourism  |v Dictionaries. 
OWN |a DUT 
999 |a From the UDN01 
TYP |a Monograph 
TYP |a Printed language 
980 |a Mạng thư viện Đại học Đà Nẵng